1914 1385 1467 1754 1668 1462 1539 1858 1524 1104 1299 1113 1878 1699 1318 1387 1608 1917 1518 1957 1148 1697 1097 1613 1708 1485 1758 1803 1140 1040 1728 1690 1200 1411 1277 1905 1787 1112 1155 1506 1442 1872 1589 1836 1176 1188 1303 1240 1485 1221 1019 1187 1727 1690 1025 1746 1186 1667 1291 1506 1378 1371 1572 1183 1263 1819 1531 1087 1305 1139 1973 1798 1501 1935 1968 1259 1134 1025 1241 1763 1614 1787 1588 1402 1651 1224 1426 1782 1487 1720 1156 1799 1609 1997 1033 1355 1342 1792 1015 BCNSPRNW ULIB Ver.6.0+V

เปลี่ยนเป็นภาษาไทย

Change to English
 แสดงรายละเอียดบรรณานุกรม
  กลับหน้าหลัก

Brief Record : Get Marc (ISO 2709) : E-mail record : QR code < ปิดหน้าต่าง
LEADER : 00000nam 2200000uu 4500
001    13399113314
003     ULIB
008    111006s2543||||th 000 0 tha d
020    9743463844
020    9789743463846
050 04 TR708^bย538ก2543
100 0  เยาวดี ทวีวงศ์ ณ อยุธยา
245 10 การถ่ายภาพทางการแพทย์ =^bMedical photography /^cเยาวดี ทวีวงศ์ ณ อยุธยา
250    พิมพ์ครั้งที่ 1
260    กรุงเทพฯ :^bไพศาลศิลป์การพิมพ์,^c2543
300    94 หน้า:^bภาพประกอบ
650  7 ถ่ายภาพ^xการแพทย์
650  7 Medical photography
945    ^p100^l0^i014703
945    ^p100^l0^i014704
945    ^p100^l0^i014705
995    ทศพร
999 ^a ทศพร
รายการนี้ยังไม่มีแท็ก
คุณยังไม่ได้ล็อกอิน คุณสามารถมีกิจกรรมร่วมกับเว็บไซต์ได้ แต่ต้องล็อกอินก่อน ::
  ล็อกอิน

รายการสื่อสารสนเทศ

ลำดับที่ ประเภท เลขเรียก/บาร์โค้ด สถานที่ สถานะ
- ไม่พบข้อมูล -

BibComment


ยังไม่เคยถูกคอมเมนท์

คอมเมนท์ทรัพยากรรายการนี้
  คอมเมนท์: การถ่ายภาพทางการแ..


 Copyright 2026. Bcnsprnw @Library